| 000 | 00617nam a22002057a 4500 | ||
|---|---|---|---|
| 003 | OSt | ||
| 005 | 20140310184521.0 | ||
| 008 | 121113t xxu||||| |||| 00| 0 eng d | ||
| 020 | _a0439696763 | ||
| 050 |
_aQB 46 _b.F527 2004 |
||
| 100 |
_aFirth, Rachel _929819 |
||
| 245 |
_aAstronomy / _cRachel Firth, Consultant: Stuart Atkinson, Illustrated By: John Woodcock, Edited by: Jane Chisholm and Gillian Doherty |
||
| 260 |
_aNew York : _bScholastic Inc., _c2004. |
||
| 300 |
_a48 p. : _bcol. ill. ; _c24 cm. |
||
| 521 | _aG8 | ||
| 526 | _c960 | ||
| 942 |
_2lcc _cBK-SCHOLAS |
||
| 999 |
_c35036 _d35036 |
||